| 000 | 01482naa a22003857a 4500 | ||
|---|---|---|---|
| 001 | BR8501921 | ||
| 003 | BR-BrBNA | ||
| 005 | 20240918175601.0 | ||
| 007 | ta | ||
| 008 | 230509b bl.||||| |||| 00| 0 por d | ||
| 040 |
_aBR-BrBNA _bpor _cBiblioteca Nacional de Agricultura |
||
| 041 | _a(Pt) | ||
| 072 |
_aL02 _b5212 _b8959 |
||
| 090 | _aL02 BR8501921 | ||
| 100 | 1 | _aCampos, O.F. de | |
| 100 | 1 | _aRodrigues, A. de A. | |
| 111 | 1 |
_a2. Simposio sobre Nutricao de Bovinos _cPiracicaba, SP (Brazil) _d1984 |
|
| 245 | 1 | _aUreia para bovinos em crescimento | |
| 246 | 1 | _a[Urea for growing bovines] | |
| 246 | 1 | _a[Annals of the 2. Symposium on Cattle Feeding; Urea for ruminants] | |
| 260 | 3 |
_aPiracicaba, SP (Brasil): _c1984. |
|
| 500 | _aPeixoto, A.M.; Moura, J.C. de; Faria, V.P. de (eds.) Anais do 2. Simposio sobre Nutricao de Bovinos; Ureia para ruminantes Piracicaba, SP (Brasil): 1984. p. 142-173 (BR8501921-AM)L02 | ||
| 650 | _aNUTRICAO ANIMAL | ||
| 650 | _aRUMEN | ||
| 650 | _aUREIA | ||
| 650 | _aBOVINO | ||
| 650 | _aAMONIA | ||
| 650 | _aNITROGENIO | ||
| 650 | _aRACAO | ||
| 650 | _aBEZERRO | ||
| 650 | _aVOLUMOSOS | ||
| 773 | 0 |
_tAnais do 2. Simposio sobre Nutricao de Bovinos; Ureia para ruminantes _aPeixoto, A.M.; Moura, J.C. de; Faria, V.P. de (eds.). Fundacao de Estudos Agrarios Luiz de Queiroz, Piracicaba, SP (Brasil) _wL02 BR8501921 _gPiracicaba, SP (Brasil), 1984. p. 142-173 |
|
| 909 |
_a202404 _bLucia _c55 _dLucia Elande |
||
| 942 |
_cAM _2AGRIS |
||
| 999 |
_c317326 _d317326 |
||